00674nam a2200169 a 450000100100000000500170001000800410002704000250006808200160009310000370010924501210014626000760026730000210034304900090036495201140037399900170048700002669320200930030346.0110324s1958 dr 000 0 spa d aDO-SdBNPbspacBNPHU axxxxbS211t1 aSánchez Cabral, Eduardo91741213aLa trascendencia de un homenaje. La obra de un héroe. La responsabilidad de una clase /cEduardo Sánchez Cabral. aCiudad Trujillo, República Dominicana :bImpresora Dominicana,c1958. a21 cm. ;c24 cm. aBNPD 0010718PDaPDbPDcCTd2011-03-24iLF1l0oxxxx S211tp26693-10r2020-06-25w2020-06-25yLFPDZNo se presta c26185d26185